000 01297 a2200289 4500
001 33639
005 20260407155628.0
008 260407a2010 arg spa d
003 AR-UNSa-BCEJYS
040 _aAR-UNSa-BCEJYS
_bspa
_cAR-UNSa-BCEJYS
080 _a330
_xEconomía en general
245 1 0 _aEconomia
_pcon aplicaciones a Latinoamérica
020 _a978-607-15-0333-6
250 _a19a. ed.
264 1 _aMéxico :
_bMcGraw-Hill
_c2010
300 _axxx, 716 p.
_c27 cm.
505 _aParte I: Conceptos básicos - Parte II: Microeconomia: oferta, demanda y mercados de productos - Parte III: Los mercados de los factores: trabajo, tierra y capital - Parte IV: Aplicaciones de los principios económicos - Parte V: Macroeconomia: crecimiento económico y ciclos de negocios - Parte VI: Crecimiento, desarrollo y economía global - Parte VII: El desempleo, la inflación y la política económica
041 _aspa
942 _cBK
590 _aniveau_biblio:m niveau_hierar:0
100 1 _aSamuelson, Paul A.
700 1 _aNordhaus, William D.
700 1 _aPavón Cuéllar, Lilianne Isabel
700 1 _aBlanco Huitrón, Carlos
700 1 _aDeras Quiñones, Adolfo
856 4 1 _uhttps://biblioeco.unsa.edu.ar/pmb/images/libros/economia.jpg
_yImagen de portada
_qimage/jpeg
999 _c2378
_d2378